Представление документа в формате RUSMARC

ПолеНазваниеЗначение
  Тип записи a
  Библиографический уровень m
001 Контрольный номер RU/SLIB/B/208763864
005 Дата корректировки 20260115162909.4
010 Индекс ISBN __
a ISBN 5-94648-005-7
d Цена 131-56
101 Язык документа 0_
a Язык текста rus
200 Заглавие и сведения об ответственности 1_
a Заглавие Психология семьи
e Сведения, относящиеся к заглавию хрестоматия
f Первые сведения об ответственности ред.-сост. Д. Я. Райгородский
b Общее обозначение материала Текст
210 Выходные данные 1_
a Место издания Самара
c Издательство Бахрах-М
d Дата издания 2002
215 Физическое описание __
a Объем 749 с.
225 Серия 2_
a Серия Психология семейных отношений
606 Тематические рубрики __
a Основная рубрика Психология
2 Код системы nlr_sh
606 Тематические рубрики __
a Основная рубрика Социальная психология
2 Код системы nlr_sh
610 Ключевые слова 0_
a Ключевые слова брак; взаимоотношения; американские семьи; европейские семьи; русские семьи; межличностные отношения; супружеские отношения; семьи
610 Ключевые слова 0_
a Ключевые слова психология семьи
686 Индексы других классификаций __
a Классификационный индекс 88.576я73
2 Код системы rubbks
702 Вторичная интеллектуальная ответственность _1
a Фамилия Райгородский
b Имя Д. Я.
4 Код отношения Редактор
4 Код отношения 340
4 Код отношения 220
801 Источник записи _0
a Страна RU
b Организация Муниципальное бюджетное учреждение культуры "Централизованная библиотечная система" г. Сургут (Центральная городская библиотека им. А. С. Пушкина)
g Правила каталогизации PSBO
801 Источник записи _1
a Страна RU
b Организация Муниципальное бюджетное учреждение культуры "Централизованная библиотечная система" г. Сургут (Центральная городская библиотека им. А. С. Пушкина)
g Правила каталогизации PSBO
852 Данные о местонахождении __
j Шифр хранения 88.576я73
c Каталожный индекс 88.5я73
i Авторский знак П 86
901 Тип документа __
t Тип документа m
a Ответственный КиК/Котельникова
901 Тип документа __
a Ответственный рекл26
903 Характеристики (МАРС) __
a Дата передачи 20040206
c Наименование библиотеки (МАРС) Муниципальное бюджетное учреждение культуры "Централизованная библиотечная система" г. Сургут (Центральная городская библиотека им. А. С. Пушкина)
969 Тип издания __
a Тип издания хрестоматия; учебник
990 Данные о заказе (DOS) __
t N записи в КСУ для И/У (DOS) 200402
j Количество экземпляров (DOS) 2